[Event "Septmber blitz"]
[Site "SchemingMind.com"]
[Date "2015.08.31"]
[Round "-"]
[White "Stephen Woodhouse"]
[Black "Ramesh Panwar"]
[Result "0-1"]
[WhiteCountry "ENG"]
[BlackCountry "IND"]
[WhiteElo "1881"]
[WhiteRD "49"]
[BlackElo "2402"]
[BlackRD "60"]
[GameID "386857"]

1. e4 e5 2. Nf3 Nc6= 3. d4 exd4 4. Nxd4 Nf6 5. Nc3 Bb4 6. Nxc6 bxc6 7. Bd3 O-O 8. O-O Re8 9. Bg5 h6 10. Bh4 d6
11. f4 Bb7 12. Qf3 c5 13. Rae1 Rb8 14. Qg3 c4 15. Bxc4 Bxc3 16. bxc3 Bxe4 17. Bd3 d5 18. Re3 Qd6 19. Bxf6 Qxf6 20. Rfe1 Rb2
21. Bxe4 Rxe4 22. Rxe4 dxe4 23. Rxe4 Rxc2 24. Qd3 Qb6+
0-1

[Event "Septmber blitz"]
[Site "SchemingMind.com"]
[Date "2015.08.31"]
[Round "-"]
[White "Ramesh Panwar"]
[Black "Stephen Woodhouse"]
[Result "1-0"]
[WhiteCountry "IND"]
[BlackCountry "ENG"]
[WhiteElo "2402"]
[WhiteRD "60"]
[BlackElo "1881"]
[BlackRD "49"]
[GameID "386858"]

1. d4 e6 2. c4 d5 3. Nc3 c5 4. cxd5 exd5 5. Nf3 Nc6 6. g3 Nf6 7. Bg2 Be7 8. O-O O-O 9. Bg5 c4 10. Ne5 Be6
11. e3 Nd7 12. Bxe7 Nxe7 13. Rc1 a6 14. Nxd7 Qxd7 15. Na4 Qd6 16. b3 Rac8 17. bxc4 Rxc4 18. Rxc4 dxc4 19. Bxb7 Qb4 20. Nc5 a5
21. Qc2 Bd5 22. Rb1 Qa3 23. Nd7 Rd8 24. Bxd5 Nxd5 25. Qxc4
1-0

[Event "Septmber blitz"]
[Site "SchemingMind.com"]
[Date "2015.09.04"]
[Round "-"]
[White "Scooter"]
[Black "Stephen Woodhouse"]
[Result "0-1"]
[WhiteCountry "USA"]
[BlackCountry "ENG"]
[WhiteElo "1710"]
[WhiteRD "48"]
[BlackElo "1881"]
[BlackRD "49"]
[GameID "387018"]

1. d4 e6 2. Nf3 d5 3. Bf4 Bd6 4. Bxd6 Qxd6 5. c3 Nf6 6. e3 c5 7. Bb5+ Bd7 8. Bxd7+ Nbxd7 9. O-O O-O 10. Nbd2 cxd4
11. cxd4 Rac8 12. Rc1 Nb6 13. a3 Rxc1 14. Qxc1 Rc8 15. Qb1 Qc7 16. b4 Qc2 17. Nb3 Qxb1 18. Rxb1 Nc4 19. Rc1 b6 20. b5 Ne8
21. Nbd2 Ned6 22. Nxc4 Rxc4 23. Rxc4 Nxc4 24. a4 Nb2 25. Ne5 Nxa4 26. Nc6 Kf8 27. Nxa7 Ke8 28. Kf1 Kd7 29. Ke2 Nc3+ 30. Kd2 Ne4+
31. Ke2 Kc7 32. f3 Nd6 33. Kd3 Nc4 34. e4 Na5 35. exd5 exd5 36. Kc3 Kb7 37. Nc6 Nxc6 38. bxc6+ Kxc6 39. Kb4 b5 40. h4 h5
41. g4 g6 42. g5 Kb6 43. f4 Ka6 44. Kc5 Ka5 45. Kxd5 b4 46. Kc4 Ka4 47. d5 b3 48. d6 b2
0-1

[Event "Septmber blitz"]
[Site "SchemingMind.com"]
[Date "2015.09.04"]
[Round "-"]
[White "Stephen Woodhouse"]
[Black "Scooter"]
[Result "1-0"]
[WhiteCountry "ENG"]
[BlackCountry "USA"]
[WhiteElo "1881"]
[WhiteRD "49"]
[BlackElo "1710"]
[BlackRD "48"]
[GameID "387019"]

1. e4 c6 2. d4 d5 3. exd5 cxd5 4. c4 Nf6 5. Nc3 e6 6. Nf3 Be7 7. cxd5 Nxd5 8. Bc4 O-O 9. O-O a6 10. Qe2 Nc6
11. Rd1 b5 12. Bd3 h6 13. Qe4 f5 14. Qe2 Qc7 15. Nxd5 exd5 16. g3 Nb4 17. Bf4 Bd6 18. Rac1 Qb8 19. Bxd6 Qxd6 20. Bb1 Bd7
21. Ne5 Rfe8 22. Qh5 Qe7 23. a3
1-0

[Event "Septmber blitz"]
[Site "SchemingMind.com"]
[Date "2015.09.04"]
[Round "-"]
[White "Scooter"]
[Black "Ramesh Panwar"]
[Result "0-1"]
[WhiteCountry "USA"]
[BlackCountry "IND"]
[WhiteElo "1710"]
[WhiteRD "48"]
[BlackElo "2402"]
[BlackRD "60"]
[GameID "387020"]

1. d4 Nf6 2. Nf3 e6 3. Bg5 d5 4. e3 Be7 5. Be2 Nbd7 6. O-O O-O 7. Nbd2 h6 8. Bxf6 Nxf6 9. c4 b6 10. cxd5 exd5
11. a3 c5 12. dxc5 bxc5 13. Ne5 Bd6 14. Ndf3 Re8 15. Nd3 Rb8 16. b4 c4 17. Nb2 a5 18. Qa4 axb4 19. axb4 Ne4 20. Qd1 Rxb4
21. Qc2 Qf6 22. Rab1 Nc3 23. Rbe1 Nxe2+ 24. Rxe2 Bg4 25. h3 Bxf3 26. gxf3 Qxf3 27. Rd1 Re5
0-1

[Event "Septmber blitz"]
[Site "SchemingMind.com"]
[Date "2015.09.04"]
[Round "-"]
[White "Ramesh Panwar"]
[Black "Scooter"]
[Result "1-0"]
[WhiteCountry "IND"]
[BlackCountry "USA"]
[WhiteElo "2402"]
[WhiteRD "60"]
[BlackElo "1710"]
[BlackRD "48"]
[GameID "387021"]

1. c4 Nf6 2. Nc3 g6 3. d4 Bg7 4. e4 d6 5. Nf3 Bg4 6. Be3 O-O 7. Be2 Nbd7 8. h3 Bxf3 9. Bxf3 e5 10. d5 Nc5
11. b4 Ncd7 12. O-O b6 13. Qd2 Re8 14. a3 a6 15. Bd1 Qc8 16. Ba4 Rb8 17. Bc6 Bf8 18. a4 a5 19. bxa5 bxa5 20. Nb5
1-0

[Event "Septmber blitz"]
[Site "SchemingMind.com"]
[Date "2015.09.07"]
[Round "-"]
[White "emvarela"]
[Black "Scooter"]
[Result "0-1"]
[WhiteCountry "ARG"]
[BlackCountry "USA"]
[WhiteElo "1722"]
[WhiteRD "46"]
[BlackElo "1723"]
[BlackRD "47"]
[GameID "387103"]

1. e4 c6 2. d4 d5 3. exd5 cxd5 4. c4 Nf6 5. Nc3 Bf5 6. Bd3 Bxd3 7. Qxd3 e6 8. cxd5 Nxd5 9. Nxd5 Qxd5 10. Nf3 Bb4+
11. Bd2 Bxd2+ 12. Kxd2 O-O 13. Rhc1 Nc6 14. Rc5 Qd6 15. g3 Rad8 16. Ke3 Rd7 17. Rd1 Rfd8 18. Ne5 Qxd4+ 19. Qxd4 Rxd4 20. Nxc6 Rxd1
21. Nxd8 Rxd8 22. Rc7 Rb8 23. b4 Kf8 24. a4 Ke8 25. f4 h5 26. Ke4 a6 27. b5 axb5 28. axb5 b6 29. Rc6 Kd7 30. h3 f6
31. g4 hxg4 32. hxg4 g6 33. f5 Re8 34. Rxb6 exf5+ 35. Kf3 fxg4+ 36. Kxg4 Re6 37. Rb7+ Kd6 38. Rg7 g5 39. Kf5 Kd5 40. Rb7 Rd6
41. Rb8 Kc5
0-1

[Event "Septmber blitz"]
[Site "SchemingMind.com"]
[Date "2015.09.07"]
[Round "-"]
[White "Scooter"]
[Black "emvarela"]
[Result "1-0"]
[WhiteCountry "USA"]
[BlackCountry "ARG"]
[WhiteElo "1710"]
[WhiteRD "48"]
[BlackElo "1741"]
[BlackRD "50"]
[GameID "387104"]

1. d4 d5 2. Nf3 Nf6 3. Bf4 e6 4. e3 Bd6 5. Bxd6 Qxd6 6. c3 Bd7 7. Be2 O-O 8. O-O Nc6 9. Nbd2 e5 10. dxe5 Nxe5
11. Nxe5 Qxe5 12. Nf3 Qd6 13. Qc2 c5 14. Rfd1 Bc6 15. c4 Rad8 16. cxd5 Bd7 17. Ng5 h6 18. Ne4 Nxe4 19. Qxe4 f5 20. Qc4 b5
21. Qb3 Rfe8 22. Bf3 Re5 23. a3 c4 24. Qc3 g5 25. Qa5 a6 26. Qxd8+
1-0

[Event "Septmber blitz"]
[Site "SchemingMind.com"]
[Date "2015.09.07"]
[Round "-"]
[White "emvarela"]
[Black "Stephen Woodhouse"]
[Result "0-1"]
[WhiteCountry "ARG"]
[BlackCountry "ENG"]
[WhiteElo "1722"]
[WhiteRD "46"]
[BlackElo "1927"]
[BlackRD "48"]
[GameID "387105"]

1. e4 e6 2. d4 d5 3. exd5 exd5 4. c4 Nf6 5. Nc3 Bb4 6. Nf3 O-O 7. Bd2 Bg4 8. h3 Re8+ 9. Ne2 Bxd2+ 10. Nxd2 Bxe2
11. Bxe2 Nc6 12. O-O Nxd4 13. Bf3 Nxf3+ 14. Qxf3 c6 15. cxd5 Qxd5 16. Rfd1 Qxf3 17. Nxf3 Rad8 18. Rxd8 Rxd8 19. Re1 Kf8 20. g4 Re8
21. Rxe8+ Kxe8 22. Nd4 Kd7 23. Kg2 g6 24. Kf3 Nd5 25. Ke4 Kd6 26. f4 Nf6+ 27. Kf3 Kd5 28. Nb3 b6 29. h4 Ne4 30. h5 Nc5
31. Nxc5 Kxc5 32. Ke4 f6 33. hxg6 hxg6 34. g5 fxg5 35. fxg5 Kd6 36. a3 c5 37. b3 b5 38. a4 bxa4 39. bxa4 a5
0-1

[Event "Septmber blitz"]
[Site "SchemingMind.com"]
[Date "2015.09.07"]
[Round "-"]
[White "Stephen Woodhouse"]
[Black "emvarela"]
[Result "1-0"]
[WhiteCountry "ENG"]
[BlackCountry "ARG"]
[WhiteElo "1881"]
[WhiteRD "49"]
[BlackElo "1741"]
[BlackRD "50"]
[GameID "387106"]

1. e4 e5 2. Nf3 Nc6 3. d4 exd4 4. Nxd4 Nxd4 5. Qxd4 Qf6 6. Be3 Qxd4 7. Bxd4 f6 8. Nc3 Bb4 9. O-O-O Bxc3 10. Bxc3 d6
11. Bc4 Ne7 12. Rhe1 Bd7 13. f4 b5 14. Be2 c5 15. Rxd6 b4 16. Bd2 Nc8 17. Rd3 Bc6 18. Bf3 O-O 19. e5 Bxf3 20. Rxf3 Nb6
21. exf6 Rxf6 22. Re7 a5 23. Rg3 Rf7 24. Rxf7 Kxf7 25. Rd3 Nc4 26. b3 Nxd2 27. Kxd2 Ra7 28. Rd5 Rc7 29. Kd3 Ke6 30. Kc4
1-0

[Event "Septmber blitz"]
[Site "SchemingMind.com"]
[Date "2015.09.07"]
[Round "-"]
[White "emvarela"]
[Black "Ramesh Panwar"]
[Result "0-1"]
[WhiteCountry "ARG"]
[BlackCountry "IND"]
[WhiteElo "1741"]
[WhiteRD "50"]
[BlackElo "2402"]
[BlackRD "60"]
[GameID "387107"]

1. e4 e5 2. Nf3 Nf6 3. Nxe5 d6 4. Nf3 Nxe4 5. d4 d5 6. Bd3 Nc6 7. Nbd2 Nd6 8. Qe2+ Be7 9. O-O Nb4 10. a3 Nxd3
11. Qxd3 O-O 12. c4 Bf5 13. Qb3 dxc4 14. Qc3 Bd3 15. Re1 a5 16. a4 Nb5 17. axb5 Bb4
0-1

[Event "Septmber blitz"]
[Site "SchemingMind.com"]
[Date "2015.09.07"]
[Round "-"]
[White "Ramesh Panwar"]
[Black "emvarela"]
[Result "1-0"]
[WhiteCountry "IND"]
[BlackCountry "ARG"]
[WhiteElo "2402"]
[WhiteRD "60"]
[BlackElo "1741"]
[BlackRD "50"]
[GameID "387108"]

1. e4 e5 2. Nf3 Nc6 3. d4 exd4 4. Nxd4 Nxd4 5. Qxd4 Qf6 6. e5 Qf5 7. Bd3 Qe6 8. Bc4 Qe7 9. Nc3 c6 10. Ne4 f6
11. Nd6+
1-0

[Event "Septmber blitz"]
[Site "SchemingMind.com"]
[Date "2015.09.16"]
[Round "-"]
[White "fouche"]
[Black "emvarela"]
[Result "0-1"]
[WhiteCountry "COL"]
[BlackCountry "ARG"]
[WhiteElo "1622"]
[WhiteRD "67"]
[BlackElo "1700"]
[BlackRD "49"]
[GameID "387272"]

1. e4 e5 2. f4 exf4 3. Bc4 Qh4+ 4. Kf1 d6 5. Nf3 Bg4 6. d4 Bxf3 7. Qxf3 g5 8. Nc3 c6 9. Bd2 Nf6 10. Be1 Qg4
11. h3 Qxf3+ 12. gxf3 b5 13. Bb3 Bg7 14. e5 dxe5 15. dxe5 Nfd7 16. e6 fxe6 17. Bxe6 Na6 18. Bf2 Bxc3 19. bxc3 Nc7 20. Re1 Nxe6
21. Rxe6+ Kf7 22. Rxc6 Ne5 23. Rc5 Nxf3 24. Rxb5 Nd2+ 25. Kg2 h6 26. Rb7+ Kg6 27. Bd4 Rhe8 28. Rd1 Re2+ 29. Kg1 Nf3+ 30. Kf1 Nxd4
31. cxd4 Rxc2 32. a4 a5 33. d5 Re8 34. d6 Ree2 35. Re7 Rf2+ 36. Kg1 Rg2+ 37. Kf1 Rh2 38. Kg1 f3 39. d7 Rcg2+
0-1

[Event "Septmber blitz"]
[Site "SchemingMind.com"]
[Date "2015.09.16"]
[Round "-"]
[White "emvarela"]
[Black "fouche"]
[Result "1-0"]
[WhiteCountry "ARG"]
[BlackCountry "COL"]
[WhiteElo "1722"]
[WhiteRD "46"]
[BlackElo "1663"]
[BlackRD "63"]
[GameID "387273"]

1. e4 c5 2. Nf3 Nc6 3. d4 cxd4 4. Nxd4 Nf6 5. Nc3 e5 6. Nb3 d6 7. Bg5 Be7 8. Bxf6 Bxf6 9. Bb5 O-O 10. Bxc6 bxc6
11. Qf3 Ba6 12. O-O-O Bc4 13. Nd2 Be6 14. Qd3 Qc7 15. Nb3 Rfd8 16. h4 d5 17. exd5 cxd5 18. f3 d4 19. Ne4 Be7 20. g4 a5
21. Ng5 g6 22. Nxe6 fxe6 23. g5 a4 24. Na1 Rdb8 25. Rhe1 Ra5 26. Re4 Qb7 27. b3 axb3 28. Nxb3 Rxa2 29. Rxe5 Ba3+ 30. Kd2 Qxb3
31. Qxb3 Rxb3 32. Rxe6
1-0

[Event "Septmber blitz"]
[Site "SchemingMind.com"]
[Date "2015.09.12"]
[Round "-"]
[White "Scooter"]
[Black "fouche"]
[Result "0-1"]
[WhiteCountry "USA"]
[BlackCountry "COL"]
[WhiteElo "1710"]
[WhiteRD "48"]
[BlackElo "1625"]
[BlackRD "60"]
[GameID "387275"]

1. d4 Nf6 2. Nf3 e6 3. Bg5 Be7 4. e3 O-O 5. Be2 b6 6. O-O h6 7. Bxf6 Bxf6 8. Nbd2 Bb7 9. Rc1 c5 10. c3 d5
11. h3 Nd7 12. Re1 Re8 13. Bb5 a6 14. Bxd7 Qxd7 15. Qb3 Qc6 16. e4 dxe4 17. Nxe4 Be7 18. dxc5 bxc5 19. Ne5 Qc7 20. Nc4 Red8
21. Rcd1 Rxd1 22. Qxd1 Rd8 23. Qe2 Qf4 24. Ncd2 f5 25. g3 Qc7 26. Nxc5 Bxc5 27. Qxe6+ Kh8 28. Qxf5 Qxg3+
0-1

[Event "Septmber blitz"]
[Site "SchemingMind.com"]
[Date "2015.09.11"]
[Round "-"]
[White "fouche"]
[Black "Stephen Woodhouse"]
[Result "0-1"]
[WhiteCountry "COL"]
[BlackCountry "ENG"]
[WhiteElo "1625"]
[WhiteRD "60"]
[BlackElo "1881"]
[BlackRD "49"]
[GameID "387276"]

1. c4 e6 2. d4 d5 3. Nc3 c5 4. e3 Nf6 5. Nf3 Nc6 6. Bd3 Be7 7. O-O O-O 8. cxd5 exd5 9. Re1 Bg4 10. h3 cxd4
11. exd4 Bxf3 12. Qxf3 Nxd4 13. Qd1 Nc6 14. Bg5 d4 15. Ne4 Nxe4
0-1

[Event "Septmber blitz"]
[Site "SchemingMind.com"]
[Date "2015.09.12"]
[Round "-"]
[White "Stephen Woodhouse"]
[Black "fouche"]
[Result "1-0"]
[WhiteCountry "ENG"]
[BlackCountry "COL"]
[WhiteElo "1881"]
[WhiteRD "49"]
[BlackElo "1625"]
[BlackRD "60"]
[GameID "387277"]

1. e4 e6 2. d4 d5 3. Nd2 c5 4. exd5 exd5 5. Bb5+ Nc6 6. Qe2+ Be7 7. dxc5 Nf6 8. Nb3 O-O 9. Be3 Bg4 10. Nf3 a6
11. Bd3 Re8 12. c3 d4 13. cxd4
1-0

[Event "Septmber blitz"]
[Site "SchemingMind.com"]
[Date "2015.09.11"]
[Round "-"]
[White "fouche"]
[Black "Ramesh Panwar"]
[Result "0-1"]
[WhiteCountry "COL"]
[BlackCountry "IND"]
[WhiteElo "1625"]
[WhiteRD "60"]
[BlackElo "2402"]
[BlackRD "60"]
[GameID "387278"]

1. f4 d5 2. Nf3 g6 3. e3 Bg7 4. Be2 Nf6 5. O-O O-O 6. Nc3 c5 7. h3 d4 8. exd4 cxd4 9. Nb5 Nc6 10. c3 d3
11. Nbd4 dxe2 12. Qxe2 Nxd4 13. cxd4 Nh5 14. Qf2 Nxf4 15. Ne5 Qxd4 16. Re1 Bxe5 17. Kf1 Qxf2+ 18. Kxf2 Nd3+
0-1

[Event "Septmber blitz"]
[Site "SchemingMind.com"]
[Date "2015.09.11"]
[Round "-"]
[White "Ramesh Panwar"]
[Black "fouche"]
[Result "1-0"]
[WhiteCountry "IND"]
[BlackCountry "COL"]
[WhiteElo "2402"]
[WhiteRD "60"]
[BlackElo "1625"]
[BlackRD "60"]
[GameID "387279"]

1. c4 e6 2. Nc3 d5 3. d4 c6 4. e4 dxe4 5. Nxe4 Nf6 6. Nxf6+ Qxf6 7. Nf3 Bb4+ 8. Bd2 Qe7 9. Bd3 Nd7 10. O-O Nf6
11. Bg5 O-O 12. c5 Ba5 13. Ne5 h6 14. Bh4 Bc7 15. Ng4 g5 16. Nxh6+ Kg7 17. Bxg5 Rh8 18. Qd2 e5 19. Rae1 Bd7 20. f3 Rae8
21. Ng4 Bxg4 22. fxg4
1-0

[Event "Septmber blitz"]
[Site "SchemingMind.com"]
[Date "2015.09.14"]
[Round "-"]
[White "fouche"]
[Black "mmccaffe"]
[Result "1-0"]
[WhiteCountry "COL"]
[BlackCountry "USA"]
[WhiteElo "1663"]
[WhiteRD "63"]
[BlackElo "1652"]
[BlackRD "79"]
[GameID "387316"]

1. d4 Nf6 2. c4 g6 3. Nc3 Bg7 4. e3 O-O 5. Bd3 d6 6. Nf3 Nbd7 7. O-O c5 8. d5 Ng4 9. h3 Nge5 10. Nxe5 Nxe5
11. e4 Nxd3 12. Qxd3 f5 13. Bg5 fxe4 14. Qxe4 Bf6 15. Bxf6 exf6 16. Rae1 Bf5 17. Qh4 Qb6 18. b3 Qb4 19. Re3 Rfe8 20. Rfe1 Rxe3
21. Rxe3 Rf8 22. g4 Bc8 23. Re7 Rf7 24. Re8+ Kg7 25. Qg3 Bd7 26. Re3 a6 27. Qxd6 Bxg4 28. hxg4 b5 29. Ne4 bxc4 30. Nxc5
1-0

[Event "Septmber blitz"]
[Site "SchemingMind.com"]
[Date "2015.09.14"]
[Round "-"]
[White "mmccaffe"]
[Black "fouche"]
[Result "0-1"]
[WhiteCountry "USA"]
[BlackCountry "COL"]
[WhiteElo "1652"]
[WhiteRD "79"]
[BlackElo "1663"]
[BlackRD "63"]
[GameID "387317"]

1. e4 e5 2. Nf3 Nf6 3. Nxe5 d6 4. Nf3 Nxe4 5. d4 d5 6. Bd3 Bg4 7. h3 Bh5 8. O-O Bd6 9. Re1 Bg6 10. Nfd2 f5
11. f3 O-O 12. fxe4 fxe4 13. Be2 Nd7 14. c4 c6 15. cxd5 cxd5 16. Nc3 Nf6 17. Nf1 a6 18. Bg5 b5 19. Nxd5 Be7 20. Nxe7+ Qxe7
21. Ne3 h6 22. Bxf6 Qxf6 23. Rf1 Qd6 24. Qb3+ Bf7 25. Qd1 Rac8 26. Rc1 Bxa2 27. Rxc8 Rxc8 28. d5 Qc5 29. Qd2 Rd8
0-1

[Event "Septmber blitz"]
[Site "SchemingMind.com"]
[Date "2015.09.17"]
[Round "-"]
[White "mmccaffe"]
[Black "emvarela"]
[Result "1-0"]
[WhiteCountry "USA"]
[BlackCountry "ARG"]
[WhiteElo "1646"]
[WhiteRD "80"]
[BlackElo "1700"]
[BlackRD "49"]
[GameID "387318"]

1. e4 e5 2. Nf3 Nc6 3. Bb5 a6 4. Ba4 d6 5. d4 Bd7 6. O-O b5 7. Bb3 exd4 8. Nxd4 Nxd4 9. Qxd4 Qf6 10. Be3 Qxd4
11. Bxd4 c5 12. Bd5 Rb8 13. Be3 Ne7 14. Nc3 Be6 15. Bxe6 fxe6 16. Rad1 Nc6 17. f4 Be7 18. f5 exf5 19. Rxf5 Rf8 20. Rxf8+ Kxf8
21. Nd5 Ne5 22. Nxe7 Kxe7 23. Bf4 Rb6 24. Bxe5 dxe5 25. Rd5 c4 26. Rxe5+ Re6 27. Rxe6+ Kxe6 28. Kf2 Ke5 29. Ke3 g6 30. c3 h6
31. g4 h5 32. gxh5 gxh5 33. h4 a5 34. a3 a4 35. Kf3 Ke6 36. Kf4 Kf6 37. e5+ Ke6 38. Ke4 Ke7 39. Kd5 Kd7 40. e6+ Ke7
41. Ke5
1-0

[Event "Septmber blitz"]
[Site "SchemingMind.com"]
[Date "2015.09.17"]
[Round "-"]
[White "emvarela"]
[Black "mmccaffe"]
[Result "1-0"]
[WhiteCountry "ARG"]
[BlackCountry "USA"]
[WhiteElo "1722"]
[WhiteRD "46"]
[BlackElo "1652"]
[BlackRD "79"]
[GameID "387319"]

1. e4 c5 2. Nf3 d6 3. d4 cxd4 4. Nxd4 Nf6 5. Nc3 a6 6. Bg5 e6 7. f4 Be7 8. Qf3 Nbd7 9. Bd3 Qb6 10. Nb3 Nc5
11. Nxc5 Qxc5 12. O-O-O b5 13. Rhf1 Bb7 14. Qg3 Rc8 15. e5 dxe5 16. fxe5 Nd5 17. Nxd5 Bxd5 18. Be3 Qc7 19. Qxg7 Rf8 20. Bh6 Bc4
21. Qxh7 Bxd3 22. Qxd3
1-0

[Event "Septmber blitz"]
[Site "SchemingMind.com"]
[Date "2015.09.12"]
[Round "-"]
[White "mmccaffe"]
[Black "Scooter"]
[Result "0-1"]
[WhiteCountry "USA"]
[BlackCountry "USA"]
[WhiteElo "1731"]
[WhiteRD "87"]
[BlackElo "1710"]
[BlackRD "48"]
[GameID "387320"]

1. e4 c6 2. d4 d5 3. Nc3 dxe4 4. Nxe4 Bf5 5. Ng3 Bg6 6. Nf3 Nd7 7. Bd3 Bxd3 8. Qxd3 Qc7 9. O-O O-O-O 10. Qe2 e6
11. Be3 Nb6 12. a4 Nf6 13. a5 Nbd5 14. a6 b6 15. c4 Nxe3 16. fxe3 Bd6 17. b4 Bxg3 18. hxg3 Qxg3 19. Ne5 Rhf8 20. Nxc6 Ng4
21. Nxa7+ Kc7 22. Nb5+ Kd7
0-1

[Event "Septmber blitz"]
[Site "SchemingMind.com"]
[Date "2015.09.12"]
[Round "-"]
[White "Scooter"]
[Black "mmccaffe"]
[Result "1-0"]
[WhiteCountry "USA"]
[BlackCountry "USA"]
[WhiteElo "1723"]
[WhiteRD "47"]
[BlackElo "1652"]
[BlackRD "79"]
[GameID "387321"]

1. d4 Nf6 2. Nf3 g6 3. Bf4 Bg7 4. e3 O-O 5. Be2 d6 6. O-O Nbd7 7. Nbd2 b6 8. h3 Bb7 9. c4 c5 10. dxc5 Nxc5
11. Rb1 Nce4 12. Nxe4 Nxe4 13. Nd2 Nxd2 14. Qxd2 Rc8 15. b3 Qd7 16. Rfd1 Rfd8 17. Kf1 Be4 18. Bd3 Qc6 19. Bxe4 Qxe4 20. f3 Qc6
21. Qd5 Qxd5 22. Rxd5 Rc5 23. Rbd1 Rxd5 24. Rxd5 Rc8 25. e4 Kf8 26. e5 dxe5 27. Bxe5 Bxe5 28. Rxe5 Rd8 29. Ke2 Rd6 30. Rd5 Rxd5
31. cxd5 Ke8 32. Ke3 Kd7 33. Kd4 Kd6 34. f4 b5 35. b4 f5 36. g4 h5 37. gxh5 gxh5 38. h4 a6 39. a3
1-0

[Event "Septmber blitz"]
[Site "SchemingMind.com"]
[Date "2015.09.12"]
[Round "-"]
[White "mmccaffe"]
[Black "Stephen Woodhouse"]
[Result "0-1"]
[WhiteCountry "USA"]
[BlackCountry "ENG"]
[WhiteElo "1652"]
[WhiteRD "79"]
[BlackElo "1927"]
[BlackRD "48"]
[GameID "387322"]

1. e4 e6 2. d4 d5 3. Nd2 c5 4. exd5 Qxd5 5. Ngf3 cxd4 6. Nb3 Nc6 7. Nbxd4 Nxd4 8. Qxd4 Qxd4 9. Nxd4 Bd7 10. Bf4 O-O-O
11. O-O-O Nf6 12. Nb5 Bxb5 13. Bxb5 Nd5 14. Bg3 a6 15. Bc4 Bd6 16. Bxd6 Rxd6 17. Bxd5 Rxd5 18. Rxd5 exd5 19. Rd1 Rd8 20. c3 Kc7
21. Kc2 Kd6 22. c4 Rc8 23. Rxd5+ Ke6 24. b3 b5 25. Rd4 Ke5 26. Rd5+ Ke4 27. Kc3 bxc4 28. bxc4 Rc6 29. Rd7 Rf6 30. f3+ Ke3
31. c5 Kf2 32. Rd2+ Ke3
0-1

[Event "Septmber blitz"]
[Site "SchemingMind.com"]
[Date "2015.09.12"]
[Round "-"]
[White "Stephen Woodhouse"]
[Black "mmccaffe"]
[Result "1-0"]
[WhiteCountry "ENG"]
[BlackCountry "USA"]
[WhiteElo "1927"]
[WhiteRD "48"]
[BlackElo "1652"]
[BlackRD "79"]
[GameID "387323"]

1. e4 c5 2. c3 Nf6 3. e5 Nd5 4. d4 cxd4 5. Nf3 Nc6 6. cxd4 e6 7. Bc4 Nb6 8. Bd3 d5 9. O-O Bd7 10. Nc3 Be7
11. Be3 Rc8 12. Rc1 Nb4 13. Bb1 Nc4 14. Qe2 Nxe3 15. Qxe3 h6 16. a3 Nc6 17. Nd2 Na5 18. f4 Nc4 19. Nxc4 Rxc4 20. Ne2 Qc7
21. Rxc4 Qxc4 22. Rc1 Qb5 23. b4 a5 24. Nc3 Qb6 25. f5 axb4 26. fxe6 fxe6 27. Na4
1-0

[Event "Septmber blitz"]
[Site "SchemingMind.com"]
[Date "2015.09.12"]
[Round "-"]
[White "mmccaffe"]
[Black "Ramesh Panwar"]
[Result "0-1"]
[WhiteCountry "USA"]
[BlackCountry "IND"]
[WhiteElo "1731"]
[WhiteRD "87"]
[BlackElo "2402"]
[BlackRD "60"]
[GameID "387324"]

1. e4 c5 2. Nf3 Nc6 3. d4 cxd4 4. Nxd4 e6 5. Nb5 Nf6 6. Bf4 e5 7. Bg5 Bc5 8. N1c3 O-O 9. Nd6 Qb6 10. Qd2 Bxd6
11. Qxd6 Qxb2 12. Bxf6 Qxc3+
0-1

[Event "Septmber blitz"]
[Site "SchemingMind.com"]
[Date "2015.09.12"]
[Round "-"]
[White "Ramesh Panwar"]
[Black "mmccaffe"]
[Result "1-0"]
[WhiteCountry "IND"]
[BlackCountry "USA"]
[WhiteElo "2402"]
[WhiteRD "60"]
[BlackElo "1731"]
[BlackRD "87"]
[GameID "387325"]

1. d4 Nf6 2. c4 g6 3. Nc3 Bg7 4. e4 d6 5. Nf3 O-O 6. Be2 e5 7. d5 a5 8. O-O Ne8 9. Bg5 f6 10. Bh4 g5
11. Bg3 f5 12. exf5 Bxf5 13. Bd3 Bxd3 14. Qxd3 g4 15. Nh4 Nf6 16. f4 exf4 17. Bxf4 Nbd7 18. Nf5 g3 19. Qxg3
1-0

[Event "Septmber blitz"]
[Site "SchemingMind.com"]
[Date "2015.09.14"]
[Round "-"]
[White "fouche"]
[Black "Aba"]
[Result "0-1"]
[WhiteCountry "COL"]
[BlackCountry "ISR"]
[WhiteElo "1663"]
[WhiteRD "63"]
[BlackElo "1735"]
[BlackRD "75"]
[GameID "387356"]

1. d4 Nf6 2. Nf3 d5 3. e3 Bf5 4. Bd3 Bxd3 5. Qxd3 Nc6 6. a3 e6 7. O-O Bd6 8. Nbd2 Qe7 9. e4 e5 10. exd5 e4
11. Nxe4 Nxe4 12. dxc6 f5 13. Re1 h6 14. cxb7 Rb8 15. Qb5+ Kf7 16. c4 c5 17. Be3 Rxb7 18. Qa4 Rxb2 19. Reb1 Rxb1+ 20. Rxb1 Nc3
21. Qc2 Nxb1 22. Qxb1 g6 23. a4 Rb8 24. Qc1 Qb7 25. Qc3 Qb1+ 26. Bc1 cxd4 27. g3 dxc3
0-1

[Event "Septmber blitz"]
[Site "SchemingMind.com"]
[Date "2015.09.14"]
[Round "-"]
[White "Aba"]
[Black "fouche"]
[Result "0-1"]
[WhiteCountry "ISR"]
[BlackCountry "COL"]
[WhiteElo "1735"]
[WhiteRD "75"]
[BlackElo "1663"]
[BlackRD "63"]
[GameID "387357"]

1. e4 e6 2. d4 d5 3. Nc3 Bb4 4. e5 c5 5. a3 cxd4 6. Qxd4 Ba5 7. f4 Nc6 8. Qd1 d4 9. b4 dxc3 10. Qxd8+ Bxd8
11. Bb5 Bd7 12. Ne2 a6 13. Bd3 Nge7 14. Nxc3 Nd4 15. Be3 Nec6 16. O-O-O Rc8 17. Ne4 Be7 18. c3 Nf5 19. Bb6 a5 20. Kb2 axb4
21. axb4 O-O 22. Bb5 Be8 23. Rd3 f6 24. g4 Nh4 25. Rhd1 Nxb4 26. Rh3 Bxb5 27. cxb4 f5 28. Nd6 Bxd6 29. exd6 Ng2 30. d7 Bxd7
31. Rxd7 Nxf4 32. Rh4 fxg4 33. Rxg4 Nh5 34. Rxb7 Rb8 35. Rxb8 Rxb8 36. Bc5 Nf6 37. Rd4 Nd5 38. Kb3 Kf7 39. Kc4 Kf6 40. b5 h6
41. Bd6 Rc8+ 42. Kd3 Rc3+ 43. Ke4 Re3#
0-1

[Event "Septmber blitz"]
[Site "SchemingMind.com"]
[Date "2015.09.13"]
[Round "-"]
[White "mmccaffe"]
[Black "Aba"]
[Result "1-0"]
[WhiteCountry "USA"]
[BlackCountry "ISR"]
[WhiteElo "1731"]
[WhiteRD "87"]
[BlackElo "1743"]
[BlackRD "79"]
[GameID "387358"]

1. e4 e5 2. Nf3 Nc6 3. Bb5 Nd4 4. Nxd4 exd4 5. d3 a6 6. Ba4 c6 7. O-O Nf6 8. Nd2 d6 9. h3 b5 10. Bb3 Bb7
11. f4 c5 12. e5 dxe5 13. fxe5 Nd5 14. Nf3 Be7 15. e6 fxe6 16. Ne5 Qc7 17. Qh5+ g6 18. Nxg6 Kd7 19. Nxh8 Rxh8 20. Bg5 Bxg5
21. Qxg5 Ne7 22. Rf7 Qd6 23. Raf1 h6 24. Qg7 Rg8 25. Qxg8 Kc7 26. Rxe7+ Kb6 27. Rxe6
1-0

[Event "Septmber blitz"]
[Site "SchemingMind.com"]
[Date "2015.09.13"]
[Round "-"]
[White "Aba"]
[Black "mmccaffe"]
[Result "1-0"]
[WhiteCountry "ISR"]
[BlackCountry "USA"]
[WhiteElo "1735"]
[WhiteRD "75"]
[BlackElo "1652"]
[BlackRD "79"]
[GameID "387359"]

1. e4 c5 2. Nf3 d6 3. d4 cxd4 4. Nxd4 Nf6 5. Nc3 a6 6. Bg5 e6 7. f4 Be7 8. Bd3 Nbd7 9. Qf3 Qc7 10. O-O-O Nc5
11. Rhe1 Nxd3+ 12. Rxd3 b5 13. e5 Bb7 14. Qh3 b4 15. Na4 Rc8 16. exf6 gxf6 17. Bh4 e5 18. fxe5 dxe5 19. Rde3 Kf8 20. R1e2 Bd5
21. Nb3 Bxb3 22. axb3 Rd8 23. Qf5 Rd6 24. Rf3 Qa7 25. Bf2 Qc7 26. c4 bxc3 27. bxc3 Qd8 28. Bb6 Rxb6 29. Nxb6 Qxb6 30. Qc8+ Kg7
31. Rg3+
1-0